000 00480nam a2200193Ia 4500
003 GCL
008 140319s9999 xx 000 0 eng d
040 _aGCL /
_cGCL
082 0 4 _a362.1
_bC H
100 1 _aCURTIS, SARAH
245 1 0 _aHEALTH AND SOCIETIES /
_cCURTIS, SARAH
700 1 _aTAKET, ANN
260 _a[S.N] :
_bARNOLD PUBLISHERS ،
_c1996
300 _a358 P
650 0 4 _aWORLD HEALTH
650 0 4 _aMEDICAL POLICY
650 0 4 _aMEDICAL CARE
942 _2ddc
_cBK
999 _c12989
_d12989